La Célestine : (Record no. 130569)

MARC details
000 -LEADER
campo de control de longitud fija 00796nam a2200217 i 4500
001 - NÚMERO DE CONTROL
campo de control 130569
003 - IDENTIFICADOR DE NÚMERO DE CONTROL
campo de control ES-MaACL
005 - FECHA Y HORA DE LA ÚLTIMA TRANSACCIÓN
campo de control 20251114101241.0
007 - CAMPO FIJO DE DESCRIPCIÓN FÍSICA--INFORMACIÓN GENERAL
campo de control de longitud fija t|
008 - DATOS DE LONGITUD FIJA--INFORMACIÓN GENERAL
campo de control de longitud fija 070801s1988 fr ||||1| fre d
080 ## - NÚMERO DE LA CLASIFICACIÓN DECIMAL UNIVERSAL
Número de la Clasificación Decimal Universal 782.1(083.97)
100 1# - ENTRADA PRINCIPAL--NOMBRE DE PERSONA
Nombre de persona Ohana, Maurice.
9 (RLIN) 86583
240 10 - TÍTULO UNIFORME
Título uniforme La Celestina.
Lenguaje de la obra Francés
245 13 - MENCIÓN DEL TÍTULO
Título La Célestine :
Resto del título tragi-comédie lyrique en un prologue et 11 tableaux /
Mención de responsabilidad, etc. adaptation et livret de Maurice Ohana d'après Fernando de Rojas ; texte français d'Odile Marce.
260 ## - PUBLICACIÓN, DISTRIBUCIÓN, ETC.
Lugar de publicación, distribución, etc. Paris :
Nombre del editor, distribuidor, etc. Théâtre national de l'Opéra,
Fecha de publicación, distribución, etc. 1988.
300 ## - DESCRIPCIÓN FÍSICA
Extensión 101 p. ;
Dimensiones 24 cm.
700 1# - ENTRADA AGREGADA--NOMBRE PERSONAL
Nombre de persona Rojas, Fernando de,
Fechas asociadas al nombre ca. 1470-1541
9 (RLIN) 99042
700 1# - ENTRADA AGREGADA--NOMBRE PERSONAL
Nombre de persona Marcel, Odile.
9 (RLIN) 76364
852 4# - LOCALIZACIÓN
Ubicación ES-MaACL
Número de control de estantería E-11881
Nota libre - Biblioteca Jacinto Martínez Lacalle
Holdings
Estatus retirado Estado de pérdida Estado de daño No para préstamo Biblioteca de origen Biblioteca actual Ubicación en estantería Fecha de adquisición Fuente de adquisición Total de préstamos Signatura topográfica completa Código de barras Visto por última vez Precio de reemplazo Tipo de ítem Koha
        Biblioteca del Ateneo de Madrid Biblioteca del Ateneo de Madrid Depósito 2 17/01/2008     E-11881 1135947 23/02/2023 23/02/2023 Libro impreso